| 000 | 01024aaa a2200265 4500 | ||
|---|---|---|---|
| 999 |
_c45924 _d45924 |
||
| 001 | 19562 | ||
| 003 | CO-MdFUSB | ||
| 005 | 20171011091435.0 | ||
| 008 | 170303t1950 enk||||| |||| 00| 0 eng d | ||
| 040 |
_aCO-MdFUSB _bspa _cCO-MdFUSB _dCO-MdFUSBC _erda |
||
| 041 | _aeng | ||
| 082 | 0 | 4 | _aG 225 H12i |
| 100 | 1 |
_aHeard, Richard _eautor |
|
| 245 | 0 | 3 |
_aAn introduction to the New Testament _c/ Richard Heard |
| 264 | 4 |
_aLondon: _bAdam and Charles Black, _c©1950 |
|
| 300 | _axii, 268 páginas | ||
| 336 |
_2rdacontent _atexto _btxt |
||
| 337 |
_2rdamedia _asin mediación _bn |
||
| 338 |
_2rdacarrier _avolumen _bnc |
||
| 500 | _aIncluye índices (p. 257-268) | ||
| 501 | _aPasta dura | ||
| 505 | 0 | 0 | _aEl Nuevo Testamento en su conjunto - Los evangelios y la vida de Jesús - Los hechos de los apóstoles y el crecimiento de la iglesia - Las epístolas y la enseñanza de la iglesia - La revelación de Juan y el apocalíptico cristiano |
| 630 | 7 |
_aBiblia. _pNuevo Testamento _xCrítica, interpretación, etc. |
|
| 942 | _cBK | ||